| 000 | 00910nas a2200265 4500 | ||
|---|---|---|---|
| 001 | BR9604076 | ||
| 003 | BR-BrBNA | ||
| 005 | 20231205095803.0 | ||
| 007 | ta | ||
| 008 | 230509b bl.|||p| |||| 00| 00por d | ||
| 040 |
_aBR-BrBNA _bpor _cBiblioteca Nacional de Agricultura |
||
| 041 | _a(Pt) | ||
| 072 | _aL72 | ||
| 100 | 1 | _aFlechtmann, C.A.H. | |
| 100 | 1 | _aRodrigues, S.R. | |
| 100 | 1 | _aSeno, M.C.Z. | |
| 245 | 1 | _aControle biologico da mosca-dos-chifres (Haematobia irritans irritans)em Selviria, Mato Grosso do Sul; 1: metodologia de estudo e selecao de fauna fimicola de insetos | |
| 650 | _aMosca dos Chifres | ||
| 650 | _aControle Biologico | ||
| 650 | _aBesouro Coprofago | ||
| 650 | _aArmadilha Luminosa | ||
| 773 | 0 |
_tRevista Brasileira de Entomologia (Brazil) _xISSN 0085-5626 _g(Mar 1995), v. 39(1) p. 1-11 _wBR9604076 |
|
| 909 |
_a202311 _bLúcia _c55 _dLúcia Elande |
||
| 942 |
_2AGRIS _n0 _cANA |
||
| 999 |
_c152709 _d152709 |
||